000 00310nam a22001337a 4500
008 170516b xxu||||| |||| 00| 0 eng d
020 _a9780802143327
041 _aeng
080 _a94(7/8)
100 _a16
101 _aSHH
245 _aTHE AMERICAN HOME FRONT 1941 1942
_cCOOKE.A
942 _2udc
_cBK
999 _c13432
_d13432